Pokémon Eeveelution (True/False) - Statistics

General Stats
  • This quiz has been taken 338 times
  • The average score is 9 of 15
Answer Stats
Question Answer % Correct
Leafeon soaks up the sunlight to use for photosynthesis. True
91%
Shiny Umbreon's patterns are gold. False
88%
Flareon's body can reach up to 1,600 degrees Fahrenheit. True
86%
Eevee has 9 evolutions. False
74%
Vaporeon is the Bubble Jet Pokémon. True
74%
Eevee's height and weight are 1'00" and 14.3 Ibs. True
70%
Espeon can heal with Morning Sun. True
65%
Umbreon's ring patterns glow only for a sorce of light. False
58%
Glaceon can freeze its fur to shoot it like icey spikes. True
53%
The z-move for Eevee is Extreme Evoboost. True
53%
Jolteon is the Pokémon of Thunder. False
47%
Sylveon uses its calming aura to heal. False
42%
Eevee is the Evolving Pokémon. False
40%
Shiny Jolteon and Shiny Espeon have the same signature color. False
35%
Vaporeon's special ability is Acid Armor. True
21%
No matching quizzes found
Score Distribution
Percent of People with Each Score
Percentile by Number Answered
Your Score History
You have not taken this quiz